The chalukya and the kakatiya temples : (Record no. 123932)
[ view plain ]
| 000 -LEADER | |
|---|---|
| fixed length control field | 00721nam a22002297a 4500 |
| 005 - DATE AND TIME OF LATEST TRANSACTION | |
| control field | 20170124105932.0 |
| 010 ## - LIBRARY OF CONGRESS CONTROL NUMBER | |
| LC control number | A-382091 |
| 020 ## - INTERNATIONAL STANDARD BOOK NUMBER | |
| Terms of availability | 200.00 |
| International Standard Book Number | 8121700582 |
| 035 ## - SYSTEM CONTROL NUMBER | |
| System control number | A-382091 |
| 037 ## - SOURCE OF ACQUISITION | |
| Source of stock number/acquisition | Cen Lib/Ret |
| 040 ## - CATALOGING SOURCE | |
| Original cataloging agency | DPL |
| Language of cataloging | EN |
| 082 ## - DEWEY DECIMAL CLASSIFICATION NUMBER | |
| Classification number | 230.6 |
| Item number | RAM |
| 100 ## - MAIN ENTRY--PERSONAL NAME | |
| Personal name | Ramanaiah, J. |
| 9 (RLIN) | 8593 |
| 245 ## - TITLE STATEMENT | |
| Title | The chalukya and the kakatiya temples : |
| Statement of responsibility, etc | by J. Ramanaiah |
| Remainder of title | a study / |
| 260 ## - PUBLICATION, DISTRIBUTION, ETC. (IMPRINT) | |
| Place of publication, distribution, etc | New Delhi |
| Name of publisher, distributor, etc | Bhartiya Vidya Prakashan |
| Date of publication, distribution, etc | 1989 |
| 270 ## - ADDRESS | |
| Address | 1 UB Jaweharnagar. Bungalow Road |
| City | Delhi |
| Postal code | 110007 |
| 300 ## - PHYSICAL DESCRIPTION | |
| Extent | xii;80p. : |
| Dimensions | 24cm (Hb) |
| Other physical details | ill. |
| 500 ## - GENERAL NOTE | |
| General note | Includes bibliographical references. |
| 650 ## - SUBJECT ADDED ENTRY--TOPICAL TERM | |
| Topical term or geographic name as entry element | Hinduism |
| 9 (RLIN) | 37434 |
| 650 ## - SUBJECT ADDED ENTRY--TOPICAL TERM | |
| Topical term or geographic name as entry element | Hinduism - Temples |
| 9 (RLIN) | 8595 |
| 942 ## - ADDED ENTRY ELEMENTS (KOHA) | |
| Source of classification or shelving scheme | Dewey Decimal Classification |
| Koha item type | English Books |
| Classification part | 230.6 |
| Call number suffix | RAM |
| Withdrawn status | Lost status | Damaged status | Not for loan | Home library | Current library | Date acquired | Source of acquisition | Cost, normal purchase price | Total Checkouts | Full call number | Barcode | Date last seen | Copy number | Cost, replacement price | Price effective from | Koha item type |
|---|---|---|---|---|---|---|---|---|---|---|---|---|---|---|---|---|
| Central Library | Central Library | 12/06/2015 | Cen Lib/Ret | 200.00 | 230.6 RAM | A-382091 | 12/06/2015 | 1 | 200.00 | 15/09/2016 | English Books |
